000 00662nam a2200193Ia 4500
008 151121s9999||||xx |||||||||||||| ||und||
082 _a818/नाडक
082 _bHNW-114556
100 _aनाडकर्णी सुरेश
245 _aआठवणींची साठवण
260 _b"ग्रंथाली प्रकाशन, मुंबई।"
260 _c2011
300 _a145
600 _aनाडकर्णी सुरेश
630 _aआठवणींची साठवण
700 _aनाडकर्णी सुरेश
730 _aआठवणींची साठवण
942 _cBOOK
999 _c1263514
_d1263511